000 00591nam a2200193Ia 4500
005 20250326141500.0
008 250326s9999 xx 000 0 und d
020 _a0-7506-1931-7
037 _aTextbook
040 _aFMSL
_beng
_cFMSL
041 _aeng
_2eng
084 _aX:321:(SNI) N5
_qFMSL
100 _aBareham Jonathan
_9744540
245 0 _aConsumer behavior in the food industry:European perspective
_cBareham Jonathan
260 _aOxford
_bOxford, Butterworth Heinemann
_c1995
300 _aix,225
942 _cTB
_hX:321:(SNI) N5
999 _c1290511
_d1290511